Asturianos casi olvidados / (Record no. 138624)

MARC details
000 -LEADER
campo de control de longitud fija 00459nam a2200157 4500
001 - NÚMERO DE CONTROL
campo de control 138624
003 - IDENTIFICADOR DE NÚMERO DE CONTROL
campo de control ES-MaACL
005 - FECHA Y HORA DE LA ÚLTIMA TRANSACCIÓN
campo de control 20230906195612.0
007 - CAMPO FIJO DE DESCRIPCIÓN FÍSICA--INFORMACIÓN GENERAL
campo de control de longitud fija t|
008 - DATOS DE LONGITUD FIJA--INFORMACIÓN GENERAL
campo de control de longitud fija 070214s1970 sp r ||||1| spa d
100 1# - ENTRADA PRINCIPAL--NOMBRE DE PERSONA
Nombre de persona Santana, Juan.
9 (RLIN) 103323
245 10 - MENCIÓN DEL TÍTULO
Título Asturianos casi olvidados /
Mención de responsabilidad, etc. Juan Santana.
Número de parte o sección de la obra , . Primera serie.
260 ## - PUBLICACIÓN, DISTRIBUCIÓN, ETC.
Lugar de publicación, distribución, etc. Oviedo :
Nombre del editor, distribuidor, etc. [s. n.],
Fecha de publicación, distribución, etc. 1970 (
Fabricante Gráf. Lux)
300 ## - DESCRIPCIÓN FÍSICA
Extensión 266 p., 29 lám. ;
Dimensiones 21 cm.
852 ## - LOCALIZACIÓN
Ubicación ES-MaACL
Número de control de estantería L-2856
Sublocalización o colección R.74820
Holdings
Estatus retirado Estado de pérdida Estado de daño No para préstamo Biblioteca de origen Biblioteca actual Ubicación en estantería Fecha de adquisición Fuente de adquisición Total de préstamos Signatura topográfica completa Código de barras Visto por última vez Precio de reemplazo Tipo de ítem Koha
        Biblioteca del Ateneo de Madrid Biblioteca del Ateneo de Madrid Depósito 2 17/01/2008     L-2856 1144252 23/02/2023 23/02/2023 Libro impreso